• 首页
  • 本馆介绍
  • 公告通知
  • 最新文献
  • 馆藏检索
  • 电子资源
  • 读者导购
  • 参考咨询
  • 我的图书馆
  • 登录
  • 详细信息显示
  • 放入我的书架
  • 预约/预借图书
  • 作者相关作品
  • 分类相关作品
  • 丛书相关作品
  • 出版社相关作品

书目信息

  • 表格格式
  • 工作单格式
  • 卡片格式
题名:
崇义县君子谷百种水土保持植物图谱
    
 
作者: 葛佩琳 主编 ;江西省水土保持科学研究院 编著
分册:  
出版信息: 北京   中国水利水电出版社  2019
页数: 113页
开本: 24cm
丛书名:
单 册:
中图分类: S157.4-64
科图分类:
主题词: 水土保持--植物--江西--崇义县--图集
电子资源:
ISBN: 978-7-5170-7675-9
000 01186nam0 2200265 450
001 012001000904
005 20131107083605.0
010    @a978-7-5170-7675-9@dCNY88.00
100    @a20190902d2019 em y0chiy50 ea
101 0  @achi@aeng
102    @aCN@b110000
105    @aa z 000yy
106    @ar
200 1  @a崇义县君子谷百种水土保持植物图谱@Achong yi xian jun zi gu bai zhong shui tu bao chi zhi wu tu pu@f江西省水土保持科学研究院[等]编著
210    @a北京@c中国水利水电出版社@d2019
215    @a113页@c彩图@d24cm
304    @a编著者还有:江西省土壤侵蚀与防治重点实验室、崇义县水利局、崇义县水土保持局、江西君子谷野生水果世界有限公司
314    @a主编:葛佩琳
330    @a本书介绍了在我国南方红壤区具有地域典型代表性的崇义县君子谷内常见的水土保持植物。该书按照植物种类分为乔木、灌木、藤木、草本四个部分,详细介绍了植物的形态特征、分布与习性、水土保持功能、资源利用价值等内容。
606 0  @a水土保持@x植物@y江西@y崇义县@j图集
690    @aS157.4-64@v5
701  0 @a葛佩琳@Age pei lin@4主编
712 02 @a江西省水土保持科学研究院@Ajiang xi sheng shui tu bao chi ke xue yan jiu yuan@4编著
801  0 @aCN@b北京卓展文化@c20191020
905    @b1197135-7@dS157.4-64@e108@f3
    
    崇义县君子谷百种水土保持植物图谱/江西省水土保持科学研究院[等]编著.-北京:中国水利水电出版社,2019
    113页:彩图;24cm
    
    
    ISBN 978-7-5170-7675-9:CNY88.00
    本书介绍了在我国南方红壤区具有地域典型代表性的崇义县君子谷内常见的水土保持植物。该书按照植物种类分为乔木、灌木、藤木、草本四个部分,详细介绍了植物的形态特征、分布与习性、水土保持功能、资源利用价值等内容。
●
相关链接 在E读中查询图书 在五车中查询图书 在当当中查询图书 在豆瓣中查询图书


正题名:崇义县君子谷百种水土保持植物图谱     索取号:S157.4-64/108         预约/预借

序号 登录号 条形码 馆藏地/架位号 状态 备注
1 1197135   211971357   第二样本阅览室/ [索取号:S157.4-64/108] 在馆    
2 1197136   211971366   第三借阅区/ [索取号:S157.4-64/108] 在馆    
3 1197137   211971375   第三借阅区/ [索取号:S157.4-64/108] 在馆    
唐山师范学院图书馆 欢迎您!
大连网信软件有限公司© 版权所有